On the original inhabitants of bharatavarsa of India / (Record no. 127351)

MARC details
000 -LEADER
fixed length control field 00650nam a22002177a 4500
005 - DATE AND TIME OF LATEST TRANSACTION
control field 20170124110024.0
010 ## - LIBRARY OF CONGRESS CONTROL NUMBER
LC control number 696455
020 ## - INTERNATIONAL STANDARD BOOK NUMBER
Terms of availability 60.00
035 ## - SYSTEM CONTROL NUMBER
System control number 696455
037 ## - SOURCE OF ACQUISITION
Source of stock number/acquisition Cen Lib/Ret
040 ## - CATALOGING SOURCE
Original cataloging agency DPL
Language of cataloging EN
082 ## - DEWEY DECIMAL CLASSIFICATION NUMBER
Classification number 572.954
Item number OPP
100 ## - MAIN ENTRY--PERSONAL NAME
Personal name Oppert, Gustav
9 (RLIN) 20242
245 ## - TITLE STATEMENT
Title On the original inhabitants of bharatavarsa of India /
Statement of responsibility, etc by Gustav Oppert
260 ## - PUBLICATION, DISTRIBUTION, ETC. (IMPRINT)
Place of publication, distribution, etc Delhi
Name of publisher, distributor, etc Oriental Publishers
Date of publication, distribution, etc 1972
270 ## - ADDRESS
City Delhi
Address 1488, Pataudi House Daryaganj
Postal code 110006
300 ## - PHYSICAL DESCRIPTION
Extent xv,711p.
Dimensions 20cm(Hb)
650 ## - SUBJECT ADDED ENTRY--TOPICAL TERM
Topical term or geographic name as entry element Ethnology -- India
9 (RLIN) 18472
650 ## - SUBJECT ADDED ENTRY--TOPICAL TERM
Topical term or geographic name as entry element India -- Languages
9 (RLIN) 20243
942 ## - ADDED ENTRY ELEMENTS (KOHA)
Source of classification or shelving scheme Dewey Decimal Classification
Koha item type English Books
Classification part 572.954
Call number suffix OPP
Holdings
Withdrawn status Lost status Damaged status Not for loan Home library Current library Date acquired Source of acquisition Cost, normal purchase price Total Checkouts Full call number Barcode Date last seen Copy number Cost, replacement price Price effective from Koha item type Public note
Written off       Central Library Central Library 29/06/2015 Cen Lib/Ret 60.00   572.954 OPP 696455 29/06/2015 1 60.00 29/06/2015 English Books Written off on approval by DLB (By Circulation); dtd 15-06-2023

© Delhi Public Library
Hit Counter
free hit counter